000 00624nam a2200121Ia 4500
008 171212s9999 xx 000 0 und d
020 _a9780833081407
100 _aLynch, Kristin F.;Drew, John G.;Tripp, Robert S.;Romano, Daniel M.;Yi, Jin Woo
245 _cLynch, Kristin F.;Drew, John G.;Tripp, Robert S.;Romano, Daniel M.;Yi, Jin Woo
_aAn Operational Architecture for Improving Air Force Command and Control Through Enhanced Agile Combat Support Planning, Execution, Monitoring, and Control Processes
260 _bRAND Corporation
_c2014
650 _aHistory
856 _uhttp://www.jstor.org/stable/10.7249/j.ctt14bs2k0
999 _c351729
_d351729